000 00620 a2200205 4500
003 OSt
005 20180116182939.0
008 160830b xxu||||| |||| 00| 0 eng d
020 _a0131229125
040 _c0
082 _a332.0973 KAU 1995
100 _aKaufman,George G.
245 _aThe U.S.Financial Systems :
_bMoney,Markets and Institutions.
_cGeorge G.Kaufman.
250 _a6th.
260 _aNew Jersey.
_bPrentice Hall.
_c1995.
300 _a695 p.
_bphoto copy
440 _aThe U.S.Financial Systems :Money,Markets and Institutions
500 _aHard cover
942 _aNBS
_cBK
_k332.0973 KAU 1995
_2ddc
999 _c349063
_d349063